Language Quiz

Random Language or French Quiz

French Conj: er, ir, re, étre, avoir, faire, aller Quiz Stats

 Plays Quiz not verified by Sporcle

Support Sporcle.
Go Orange.
Score 0/49 Timer 04:00
0 Plays Today
Subject Conjugation % Correct
-er-e
93.6%
-er-es
92.4%
-er-e
91.6%
-er-ons
89.1%
-er-ez
88.8%
-er-ont
88.2%
-ir-is
80.9%
-ir-is
80.6%
-ir-it
77.7%
Êtresuis
76.6%
Êtrees
75.3%
-ir-issons
75.2%
-ir-issez
74.9%
Êtreest
74.2%
Êtresommes
74.2%
-ir-issent
72.9%
Êtreêtes
71.8%
Êtresont
71.1%
Avoiras
70.5%
Avoirai
70.2%
Avoira
70.2%
-re-s
69.7%
Avoiravons
69.7%
-re-s
69.5%
Avoiravez
69.1%
Subject Conjugation % Correct
-re-ons
67.8%
-re-ez
67.5%
Avoiront
67.2%
-re-ent
66.3%
-er
64.9%
Allervais
63.9%
Allervas
63.7%
Allerva
63.4%
Allerallons
62.3%
Allerallez
61.9%
Fairefais
60.9%
Fairefait
59.9%
Fairefais
59.8%
-re-
58.8%
Allervont
57.6%
-ir-i
55.3%
Fairefaisons
55%
Fairefont
46.8%
Fairefaites
45.1%
-re-u
42%
Êtreété
36%
Avoireu
33%
Fairefait
25%
Allerallé
17.5%

You're not logged in!

Compare scores with friends on all Sporcle quizzes.
OR
Log In

From the Vault

US States: Five at a Time

by jmatt22397

We put our pants on just like anybody else, five legs at a time.
Remove Ads.
Support Sporcle.
Get the best of Sporcle when you Go Orange. This ad-free experience offers more features, more stats, and more fun while also helping to support Sporcle. Thank you for becoming a member.

Show Comments

Extras

Top Quizzes Today


Score Distribution

Your Account Isn't Verified!

In order to create a playlist on Sporcle, you need to verify the email address you used during registration. Go to your Sporcle Settings to finish the process.

Report this User

Report this user for behavior that violates our Community Guidelines.

Details: